000 00743nam a2200241Ia 4500
003 OSt
005 20220925175707.0
006 a|||||r|||| 00| 0
007 ta
008 220923b |||||||| |||| 00| 0 eng d
037 _cGeneral Book
040 _aRTL
_cRTL
_beng
041 _2eng
_aeng
082 _aXM5:8.73.N9, N7
100 _aClarke F L and others Au.
_9249511
245 0 _aCorporate collapse
_b Regulatory, accounting and ethnical failure
260 _aCambridge
_bCambridge University Press
_c1997
300 _axx,283p
_ccm.
500 _aBibliography: p 284-288
650 _aJoint Stock Company
942 _hXM5:8.73.N9, N7
_cGB
_2CC
999 _c494307
_d494307